000 00874nam a2200253Ia 4500
005 20210727153132.0
008 141031s9999 xx 000 0 und d
020 _a9789583003189
100 1 0 _aReyes Posada, Carlos José
_d1941-
245 1 3 _aLa piedra de la felicidad
_c Carlos José Reyes ; ilustrado por José Roberto Agudelo Zuluaga
250 _a1a ed., 11a reimpr.
300 _a64 páginas
_bilustraciones
650 1 4 _a Autores colombianos
_2LEMB
650 1 4 _a Escenografía y decoraciones
_2LEMB
650 1 4 _a Teatro escolar e Infantil colombiano
_2LEMB
700 1 4 _aAgudelo Zuluaga, José Roberto
942 _2loc
_cBK
264 _aBogotá
_bPanamericana
_c2012
336 _atexto
_btxt
_2rdacontent
337 _asin mediación
_bn
_2rdamedia
338 _avolumen
_bnc
_2rdacarrier
040 _aCO-BoRNBP
_bspa
_erda
_cCO-BoRNBP
084 _aT REY1
999 _c2974
_d2974